| 000 | 00367 a2200157 4500 | ||
|---|---|---|---|
| 001 | 155449 | ||
| 040 | _cEscola São Tomás de Aquino | ||
| 100 | _aNERY, Salvador Barletta | ||
| 240 | 1 | 0 |
_aBalançando sonhos _lpor |
| 245 | 1 | 0 | _aBalançando sonhos |
| 300 | _a31 | ||
| 362 | 0 | _a2000 | |
| 440 | 1 | _aEditora do Brasil | |
| 697 | _a*LITERATURA INFANTO | ||
| 942 | _cBK | ||
| 999 |
_c155449 _d155449 |
||